Biblical studies on the Internet (Record no. 27284)
[ view plain ]
| 000 -LEADER | |
|---|---|
| fixed length control field | 01627nam a2200337 a 4500 |
| 082 04 - DEWEY DECIMAL CLASSIFICATION NUMBER | |
| Classification number | 025.06/22 |
| 100 1# - MAIN ENTRY--AUTHOR NAME | |
| Personal name | Worth, Roland H., |
| 245 10 - TITLE STATEMENT | |
| Title | Biblical studies on the Internet |
| 250 ## - EDITION STATEMENT | |
| Edition statement | 2nd ed. |
| 260 ## - PUBLICATION, DISTRIBUTION, ETC. (IMPRINT) | |
| Place of publication | Jefferson, N.C. : |
| Name of publisher | McFarland, |
| Year of publication | c2008. |
| 300 ## - PHYSICAL DESCRIPTION | |
| Number of Pages | xiii, 378 p. |
| 500 ## - GENERAL NOTE | |
| General note | Includes index. |
| 520 ## - SUMMARY, ETC. | |
| Summary, etc | "The new edition includes more than 4,800 resources available at more than 10,000 Internet sites that provide information on a range of biblical study topics including Bible translations in English and other languages, audio translations, commentaries, dictionaries, and other resource materials including ones in Greek, Hebrew and other ancient languages"--Provided by publisher. |
| 650 #0 - SUBJECT ADDED ENTRY--TOPICAL TERM | |
| Topical Term | Internet. |
| 856 40 - ELECTRONIC LOCATION AND ACCESS | |
| Uniform Resource Identifier | http://site.ebrary.com/lib/rucke/Doc?id=10225156 |
No items available.
